The beautiful side of evil / (Record no. 3464)
[ view plain ]
| 000 -LEADER | |
|---|---|
| fixed length control field | 00793cam a2200277 a 4500 |
| 001 - CONTROL NUMBER | |
| control field | 8984458 |
| 003 - CONTROL NUMBER IDENTIFIER | |
| control field | OCoLC |
| 005 - DATE AND TIME OF LATEST TRANSACTION | |
| control field | 20181211144534.0 |
| 008 - FIXED-LENGTH DATA ELEMENTS--GENERAL INFORMATION | |
| fixed length control field | 821124s1982 oru 000 0aeng |
| 020 ## - INTERNATIONAL STANDARD BOOK NUMBER | |
| International Standard Book Number | 0890813221 (pbk.) |
| 040 ## - CATALOGING SOURCE | |
| Original cataloging agency | DLC |
| Transcribing agency | DLC |
| Modifying agency | BGU |
| 050 00 - LIBRARY OF CONGRESS CALL NUMBER | |
| Classification number | BV4935.M48 |
| Item number | A32 1982 |
| 082 00 - DEWEY DECIMAL CLASSIFICATION NUMBER | |
| Classification number | 248.24 |
| Edition number | 19 |
| Item number | M621B |
| 100 1# - MAIN ENTRY--PERSONAL NAME | |
| Personal name | Michaelsen, Johanna |
| Dates associated with a name | 1960- |
| 245 14 - TITLE STATEMENT | |
| Title | The beautiful side of evil / |
| Statement of responsibility, etc. | Johanna Michaelsen ; foreword, Hal Lindsey |
| 260 ## - PUBLICATION, DISTRIBUTION, ETC. | |
| Place of publication, distribution, etc. | Eugene, Or. : |
| Name of publisher, distributor, etc. | Harvest House Publishers, |
| Date of publication, distribution, etc. | c1982 |
| 300 ## - PHYSICAL DESCRIPTION | |
| Extent | 222 p. ; |
| Dimensions | 21 cm |
| 504 ## - BIBLIOGRAPHY, ETC. NOTE | |
| Bibliography, etc. note | Bibliography: p. 219-222 |
| 600 10 - SUBJECT ADDED ENTRY--PERSONAL NAME | |
| Personal name | Michaelsen, Johanna |
| 650 #0 - SUBJECT ADDED ENTRY--TOPICAL TERM | |
| Topical term or geographic name entry element | Converts |
| General subdivision | Biography |
| 650 #0 - SUBJECT ADDED ENTRY--TOPICAL TERM | |
| Topical term or geographic name entry element | Christian life |
| 650 #0 - SUBJECT ADDED ENTRY--TOPICAL TERM | |
| Topical term or geographic name entry element | Parapsychology |
| 650 #0 - SUBJECT ADDED ENTRY--TOPICAL TERM | |
| Topical term or geographic name entry element | Occultism |
| 650 #0 - SUBJECT ADDED ENTRY--TOPICAL TERM | |
| Topical term or geographic name entry element | Psychic surgery |
| 942 ## - ADDED ENTRY ELEMENTS (KOHA) | |
| Source of classification or shelving scheme | Dewey Decimal Classification |
| Koha item type | Books |
| Withdrawn status | Lost status | Source of classification or shelving scheme | Damaged status | Not for loan | Collection code | Home library | Current library | Shelving location | Date acquired | Cost, normal purchase price | Total Checkouts | Full call number | Barcode | Date last seen | Price effective from | Koha item type |
|---|---|---|---|---|---|---|---|---|---|---|---|---|---|---|---|---|
| Dewey Decimal Classification | Non-fiction | Harvest Mission College | Harvest Mission College | General Stacks | 13.11.2018 | 200.00 | 248.24 M621B | 004022 | 13.11.2018 | 13.11.2018 | Books | |||||
| Dewey Decimal Classification | Harvest Mission College | Harvest Mission College | General Stacks | 09.04.2026 | 248.24 M621B | 013350 | 09.04.2026 | 09.04.2026 | Books |
